000 00575nmm a2200205Ia 4500
008 251105s9999||||xx |||||||||||||||||und||
020 _a9788498959598
041 _aspa
100 _aLópez García, Dámaso
245 0 _aLa vida continua
264 _a[Madrid, España] :
_bVisor Libros,
_c2016
300 _a146 páginas
490 _aVisor de Poesía
650 _aEnglish poetry
700 _aLópez García, Dámaso
700 1 _a López García, Dámaso
700 1 _a Strand, Mark
856 _uhttps://public.digitaliapublishing.com/a/77208
942 _cCF
999 _c67983
_d67983